Táctaranh xứ Tarátcông = Tartarin de Tarascon

Saved in:
Bibliographic Details
Main Author: Alphonse Daudet
Format: Book
Language:Undetermined
Published: Hà Nội Hội Nhà Văn 1999
Subjects:
Tags: Add Tag
No Tags, Be the first to tag this record!
Institutions: Trung tâm Học liệu Trường Đại học Cần Thơ
LEADER 00599nam a2200181Ia 4500
001 CTU_36160
008 210402s9999 xx 000 0 und d
082 |a 843.8 
082 |b D238t 
100 |a Alphonse Daudet 
245 0 |a Táctaranh xứ Tarátcông 
245 0 |b = Tartarin de Tarascon 
245 0 |c Alphonse Daudet, Ngô Ngọc Linh, Ngô Văn Phú 
260 |a Hà Nội 
260 |b Hội Nhà Văn 
260 |c 1999 
650 |a french fiction ( vietnamese ) - 19th century,french literature - 19th century 
980 |a Trung tâm Học liệu Trường Đại học Cần Thơ